000 01089cam a2200301 a 4500
999 _c529447
_d529447
001 1861996
003 NUST
005 20190926113213.0
008 830531s1982 dcua b 000 0 eng
010 _a 82051209
020 _a030903454X (pbk.) :
_c$6.80
038 _aMSOHAIL
040 _aDLC
_cDLC
_dDLC
043 _an-us---
050 0 0 _aHE203
_b.E52 1982
082 0 0 _a333.7720973
_219
100 1 _aEngelen, Rodney E.
_921530
245 1 0 _aCoordination of transportation system management and land use management /
_cRodney E. Engelen.
260 _aWashington, D.C. :
_bTransportation Research Board, National Research Council,
_c[1982]
300 _a38 p. :
_bill. ;
_c28 cm.
440 0 _aSynthesis of highway practice,
_x0547-5570 ;
_v93
_921531
504 _aBibliography: p. 37-38.
650 0 _aTransportation
_zUnited States
_xPlanning.
_921431
650 0 _aLand use
_zUnited States
_xPlanning.
_921532
710 2 _aNational Research Council (U.S.).
_bTransportation Research Board.
_919676
906 _a7
_bcbc
_corignew
_d2
_eocip
_f19
_gy-gencatlg
942 _2ddc
_cBK